Greek export potential as a driver of economic activity
V poslednom čase sa Grécko dostáva do centra pozornosti, najmä kvôli svojim vnútorným problémom, ktoré sa šíria do ostatných krajín eurozóny a EÚ. Na vytvorenie optimálnej stratégie na odstránenie medzery bežného účtu krajín s rozsiahlymi vnútornými nerovnováhami je nevyhnutné preskúmať možnosti zvý...
Salvato in:
| Autore principale: | |
|---|---|
| Natura: | Capitolo di libro |
| Lingua: | inglese |
| Soggetti: | |
| Tags: |
Nessun Tag, puoi essere il primo ad aggiungerne!!
|
MARC
| LEADER | 00000naa a2200000 4500 | ||
|---|---|---|---|
| 001 | 0146080 | ||
| 005 | 20231116091145.7 | ||
| 041 | 0 | |a eng | |
| 044 | |a SK | ||
| 245 | 1 | 0 | |a Greek export potential as a driver of economic activity |c Anastasia Shirinina |
| 520 | |a V poslednom čase sa Grécko dostáva do centra pozornosti, najmä kvôli svojim vnútorným problémom, ktoré sa šíria do ostatných krajín eurozóny a EÚ. Na vytvorenie optimálnej stratégie na odstránenie medzery bežného účtu krajín s rozsiahlymi vnútornými nerovnováhami je nevyhnutné preskúmať možnosti zvýšenia ich exportu. Analýza súčasných trendov v zahraničnom obchode, najmä v oblasti exportu, ale aj v sektoroch s rozvojovým potenciálom, kde sa predpokladá globálny dopyt. Dôkladnejšie využitie nedostatočne rozvinutého vonkajšieho sektora Grécka zohrá významnú úlohu v stimulovaní hospodárskej aktivity Grécka. | ||
| 610 | 2 | 0 | |a kríza hospodárska |
| 610 | 2 | 0 | |a Grécko |
| 610 | 2 | 0 | |a reformy hospodárske |
| 610 | 2 | 0 | |a trh finančný |
| 610 | 2 | 0 | |a obchod zahraničný |
| 100 | 1 | |a Shirinina, Anastasia | |